Biblioteca de Selecciones. (Record no. 115035)

MARC details
000 -LEADER
campo de control de longitud fija 01211nam a2200337 i 4500
001 - NÚMERO DE CONTROL
campo de control 115035
003 - IDENTIFICADOR DE NÚMERO DE CONTROL
campo de control ES-MaACL
005 - FECHA Y HORA DE LA ÚLTIMA TRANSACCIÓN
campo de control 20240418143803.0
007 - CAMPO FIJO DE DESCRIPCIÓN FÍSICA--INFORMACIÓN GENERAL
campo de control de longitud fija t|
008 - DATOS DE LONGITUD FIJA--INFORMACIÓN GENERAL
campo de control de longitud fija 070219s1959 sp ||||1| spa d
080 ## - NÚMERO DE LA CLASIFICACIÓN DECIMAL UNIVERSAL
Número de la Clasificación Decimal Universal 821.111(73)-3"19"(082.2)
080 ## - NÚMERO DE LA CLASIFICACIÓN DECIMAL UNIVERSAL
Número de la Clasificación Decimal Universal 616.89-008.485
245 00 - MENCIÓN DEL TÍTULO
Título Biblioteca de Selecciones.
Número de parte o sección de la obra 2.
260 ## - PUBLICACIÓN, DISTRIBUCIÓN, ETC.
Lugar de publicación, distribución, etc. Madrid, etc. :
Nombre del editor, distribuidor, etc. Selecciones del Reader's Digest,
Fecha de publicación, distribución, etc. 1959.
300 ## - DESCRIPCIÓN FÍSICA
Extensión 510 p. ;
Dimensiones 20 cm.
490 1# - MENCIÓN DE SERIE
Mención de serie Biblioteca de Selecciones ;
Designación de volumen o secuencia 2
505 8# - NOTA DE CONTENIDO CON FORMATO
Nota de contenido con formato Contiene: Con la cruz ajena / por Daphne du Maurier . Las tres caras de Eva / por los siquiatras Corbett H. Thigpen y Hervey M. Cleckley . El último rebelde / por Gerald Green
650 #7 - PUNTO DE ACCESO ADICIONAL DE MATERIA--TÉRMINO DE MATERIA
Término de materia o nombre geográfico como elemento de entrada Novela norteamericana
Fuente del encabezamiento o término
9 (RLIN) 146954
650 #4 - PUNTO DE ACCESO ADICIONAL DE MATERIA--TÉRMINO DE MATERIA
Término de materia o nombre geográfico como elemento de entrada Personalidad múltiple.
9 (RLIN) 15974
700 1# - ENTRADA AGREGADA--NOMBRE PERSONAL
Nombre de persona Du Maurier, Daphne.
9 (RLIN) 45711
700 1# - ENTRADA AGREGADA--NOMBRE PERSONAL
Nombre de persona Thigpen, Corbett H.
9 (RLIN) 109964
700 1# - ENTRADA AGREGADA--NOMBRE PERSONAL
Nombre de persona Cleckley, Hervey M.
9 (RLIN) 39160
700 1# - ENTRADA AGREGADA--NOMBRE PERSONAL
Nombre de persona Green, Gerald.
9 (RLIN) 59836
710 2# - ENTRADA AGREGADA--NOMBRE DE ENTIDAD CORPORATIVA
Nombre de entidad corporativa o nombre de jurisdicción como elemento de entrada Selecciones del Reader's Digest.
9 (RLIN) 6545
740 02 - ENTRADA AGREGADA--TÍTULO RELACIONADO/ANALÍTICO NO CONTROLADO
Título relacionado o analítico no controlado Con la cruz ajena.
740 42 - ENTRADA AGREGADA--TÍTULO RELACIONADO/ANALÍTICO NO CONTROLADO
Título relacionado o analítico no controlado Las tres caras de Eva.
740 32 - ENTRADA AGREGADA--TÍTULO RELACIONADO/ANALÍTICO NO CONTROLADO
Título relacionado o analítico no controlado El último rebelde.
830 1# - PUNTO DE ACCESO ADICIONAL DE SERIE-TÍTULO UNIFORME
Título uniforme Biblioteca de Selecciones ;
Designación de volumen o secuencia 2
9 (RLIN) 185950
852 4# - LOCALIZACIÓN
Ubicación ES-MaACL
Número de control de estantería E-4212
Holdings
Estatus retirado Estado de pérdida Estado de daño No para préstamo Biblioteca de origen Biblioteca actual Ubicación en estantería Fecha de adquisición Fuente de adquisición Total de préstamos Signatura topográfica completa Código de barras Visto por última vez Precio de reemplazo Tipo de ítem Koha
        Biblioteca del Ateneo de Madrid Biblioteca del Ateneo de Madrid Depósito 2 17/01/2008     E-4212 1119956 23/02/2023 23/02/2023 Libro impreso